000 00726cab a2200229 4500
001 ABS58613
008 090401t1998 xxu||||| |||| 00| 0 eng d
035 _a(Sirsi) u85825
041 _aeng
100 _aMoore, L.
245 _aSpeaking out will get you protection from the Bill
260 _c1998
350 _a0
490 _aProperty Week
_v63(2) 24 April 1998, 34(1)
520 _aWarns that the Public Interest Disclosure Bill, intended to protect workers who disclose malpractice, due to come into force 1999, will be used for many trivial complaints.
650 _aEMPLOYEES
650 _aMALPRACTICE
650 _aPUBLIC INTEREST DISCLOSURE BILL
690 _aLAW
942 _n0
948 _c27/04/1998
999 _c53981
_d53981